| 000 | 01155nam a2200265Ia 4500 | ||
|---|---|---|---|
| 999 |
_c53041 _d53041 |
||
| 001 | 20078 | ||
| 003 | GE_BSU | ||
| 005 | 20250422151849.0 | ||
| 008 | 181216s1996||||ge |||||||||||||| ||geo|| | ||
| 020 | _a5-505-00599-3 | ||
| 040 | _cGE_BSU | ||
| 041 | _ageo | ||
| 080 | _a592(075.8) ყ-92 | ||
| 100 |
_aყურაშვილი, ბორის _924891 |
||
| 245 |
_aუხერხემლოთა ზოოლოგია _bსახელმძღ. სტუდ. / _cბორის ყურაშვილი ; რედ. : დ. სალუქვაძე, ი. კალანდია. |
||
| 250 | _aმე-3 გადამუშავებული გამოცემა | ||
| 264 |
_aთბილისი : _bგანათლება, _c1996. |
||
| 300 |
_a488 გვ. ; _c26 სმ. |
||
| 504 | _aბიბლიოგრ. : გვ. 461 | ||
| 541 | _h20 ლ. | ||
| 653 | _aუხერხემლოთა ზოოლოგია | ||
| 700 |
_aსალუქვაძე, დ. _eრედაქტორი _93427 |
||
| 700 |
_aკალანდია, ი. _eრედაქტორი _922629 |
||
| 942 |
_cBK _2udc |
||